ABZ : More Alphabets and Other Signs /
Texto gráfico que pone de manifiesto la belleza y variedad de las tipografías surgidas al amparo de la modernidad.
Saved in:
| Main Author: | |
|---|---|
| Other Authors: | |
| Format: | Book |
| Language: | Español |
| Published: |
San Francisco, EUA :
Chronicle Books,
2003, c2003
|
| Subjects: | |
| Tags: |
No Tags, Be the first to tag this record!
|
MARC
| LEADER | 00000nam^a2200000^a^4500 | ||
|---|---|---|---|
| 001 | 000182810 | ||
| 005 | 20250521000000.0 | ||
| 009 | 20260310102020.727 | ||
| 020 | |a 0-8118-3981-8 | ||
| 037 | |a Acervo ITESO - Biblioteca | ||
| 041 | |a ESP | ||
| 082 | |a 686. 224 |b ROT | ||
| 100 | |a Rothenstein, Julian |e (ed.) | ||
| 245 | 1 | 0 | |a ABZ : |b More Alphabets and Other Signs / |c Ed. de J. Rothenstein, M. Gooding. |
| 264 | 4 | |a San Francisco, EUA : |b Chronicle Books, |c 2003, c2003 | |
| 300 | |a 221 p. | ||
| 336 | |a texto |b txt |2 rdacontenido | ||
| 337 | |a sin mediación |b n |2 rdamedio | ||
| 338 | |a volumen |b nc |2 rdasoporte | ||
| 520 | |a Texto gráfico que pone de manifiesto la belleza y variedad de las tipografías surgidas al amparo de la modernidad. | ||
| 649 | |a XX | ||
| 650 | |a Diseño Tipográfico | ||
| 650 | |a Tipografía | ||
| 650 | |a Diseño Gráfico | ||
| 650 | |a Comunicación Visual | ||
| 650 | |a Arte Moderno | ||
| 700 | |a Gooding, Mel |e (edición) | ||
| 910 | |a Fondo General | ||
| 920 | |a Impresos - Libros | ||
| 930 | |a Reserva Especial | ||
| 905 | |a 103 | ||
| 901 | |a 0500122560 |b IT1 |c REE |u 20250521 | ||
| 902 | |a https://opac.biblio.iteso.mx/vufind/Record/000182810 | ||